Gregory of Nyssa (Record no. 38627)
[ view plain ]
| 000 -LEADER | |
|---|---|
| fixed length control field | 01765nam a2200445 a 4500 |
| 082 04 - DEWEY DECIMAL CLASSIFICATION NUMBER | |
| Classification number | 270.2092 |
| 100 0# - MAIN ENTRY--AUTHOR NAME | |
| Personal name | Gregory, |
| 245 10 - TITLE STATEMENT | |
| Title | Gregory of Nyssa |
| 260 ## - PUBLICATION, DISTRIBUTION, ETC. (IMPRINT) | |
| Place of publication | Leiden ; |
| -- | Boston : |
| Name of publisher | Brill, |
| Year of publication | 2007. |
| 300 ## - PHYSICAL DESCRIPTION | |
| Number of Pages | xix, 283 p. : |
| Other physical details | map. |
| 490 1# - SERIES STATEMENT | |
| Series statement | Supplements to Vigiliae Christianae, |
| 650 #0 - SUBJECT ADDED ENTRY--TOPICAL TERM | |
| Topical Term | Christian saints |
| 700 1# - ADDED ENTRY--PERSONAL NAME | |
| Personal name | Silvas, Anna. |
| 856 40 - ELECTRONIC LOCATION AND ACCESS | |
| Uniform Resource Identifier | http://site.ebrary.com/lib/rucke/Doc?id=10234979 |
No items available.
